Vista normal
Vista MARC
Entrada Materia (personas)
Número de registros utilizados en: 1
001 - CONTROL NUMBER
- control field: 81637
003 - CONTROL NUMBER IDENTIFIER
- control field: Co-BoUCM
005 - DATE AND TIME OF LATEST TRANSACTION
- control field: 20161104143107.0
008 - FIXED-LENGTH DATA ELEMENTS
- fixed length control field: 161104|| aca||aabn | a|a d
040 ## - CATALOGING SOURCE
- Original cataloging agency: Co-BoUCM
- Transcribing agency: Co-BoUCM
100 ## - HEADING--PERSONAL NAME
- Personal name: Turizo Pinzon, David
670 ## - SOURCE DATA FOUND
- Source citation: Work cat.: (Co-BoUCM)47866: Turizo Pinzon, David, El dilema de seguridad en los procesos de paz , 2005